| 000 | 00535nam a22001817a 4500 | ||
|---|---|---|---|
| 999 |
_c60692 _d60692 |
||
| 005 | 20231009144236.0 | ||
| 008 | 231009s2001 tu ||||| |||| 00| 0 tur d | ||
| 020 | _a9758070444 | ||
| 041 | _atur | ||
| 080 | _a94(38) Y-11 | ||
| 100 |
_aYayinlari, ege _920041 |
||
| 245 |
_aA Guide to Troia: _cBy the Director and Staff of the Excavations |
||
| 264 |
_aIstanbul, _c2001. |
||
| 300 |
_a78 p. : _bill. ; _c23 cm. |
||
| 653 | _aგზამკვლევი ტროაში | ||
| 653 | _aგათხრები | ||
| 942 |
_2udc _cBK |
||